| 000 | 00877nam a22002297a 4500 | ||
|---|---|---|---|
| 999 |
_c18911 _d18911 |
||
| 003 | AR-CdUCM | ||
| 008 | 190515b ||||| |||| 00| 0 spa d | ||
| 040 |
_aMUNICIPALIDAD PROVINCIAL DEL CUSCO _cBIBLIOTECA MUNICIPAL DEL CUSCO |
||
| 082 |
_a599 / _bS23 |
||
| 100 |
_aSANTIVAÑEZ MORALES, JOSE _939829 |
||
| 245 | _aCrianza moderna de chinchillas / | ||
| 260 |
_aBuenos Aires : _bCentro regional de ayuda técnica, _c1971. |
||
| 300 |
_a76 paginas ; _c22 cm. |
||
| 505 | _aContenido :Descripción de la chinchilla --Principios de origen de manejo del criadero --Alimentación de chinchillas --terminado e la piel o priming ... | ||
| 650 |
_aChinchilla _939830 |
||
| 650 |
_aCriadero _939831 |
||
| 650 |
_aProyección _913894 |
||
| 650 |
_aEconomía _9382 |
||
| 710 |
_aAgencia para el desarrollo internacional _936061 |
||
| 942 |
_2ddc _cLIBROS |
||
| 945 |
_arjall _d2019-05-15 |
||